Phrasal verb organiser : with mini dictionary =

সংরক্ষণ করুন:
গ্রন্থ-পঞ্জীর বিবরন
প্রধান লেখক: Flower, John
অন্যান্য লেখক: Lê Huy Lâm (dịch)
বিন্যাস: Sách giấy
ভাষা:English
Vietnamese
প্রকাশিত: TP.HCM : TP.HCM , 2000
ট্যাগগুলো: ট্যাগ যুক্ত করুন
কোনো ট্যাগ নেই, প্রথমজন হিসাবে ট্যাগ করুন!
Thư viện lưu trữ: Thư viện Trường Đại học Đà Lạt
LEADER 00695nam a2200253 4500
001 DLU020017451
005 ##3/28/2001
020 # # |a 978- 
041 # # |a eng  |a vie 
082 # # |a 428.2  |b FL-J 
100 # # |a Flower, John 
245 # # |a Phrasal verb organiser :  |b with mini dictionary =  |b Bài tập thực hành động từ nhiều thành phần trong tiếng Anh /  |c John Flower; Lê Huy Lâm dịch 
260 # # |a TP.HCM :  |b TP.HCM ,  |c 2000 
300 # # |a 207 tr.;   |c 21 cm. 
700 # # |a Lê Huy Lâm  |e dịch 
992 # # |a 26000 
994 # # |a DLU 
900 # # |a False 
911 # # |a Administrator 
925 # # |a G 
926 # # |a A 
927 # # |a SH 
980 # # |a Thư viện Trường Đại học Đà Lạt